[Event "SVK-chT2B 1819"]
[Site "Slovakia"]
[Date "2018.11.18"]
[Round "4.5"]
[White "Suchansky, Jakub"]
[Black "Pallag, Gergely"]
[Result "1-0"]
[WhiteElo "1946"]
[BlackElo "2017"]
[PlyCount "71"]
[EventDate "2018.10.13"]
[EventType "team-tourn"]
[EventRounds "11"]
[EventCountry "SVK"]
[SourceTitle "CBM 187 Extra"]
[Source "ChessBase"]
[SourceDate "2018.11.04"]
[SourceVersion "1"]
[SourceVersionDate "2018.11.04"]
[SourceQuality "1"]
[WhiteTeam "Levice"]
[BlackTeam "Komarno II"]
[WhiteTeamCountry "SVK"]
[BlackTeamCountry "SVK"]

1. e4 e6 2. d4 d5 3. exd5 exd5 4. Bd3 Bd6 5. Ne2 Nc6 6. c3 Nge7 7. Bf4 Bg4 8. f3 Bh5 9. Nd2 Qd7 10. Qc2 Bg6 11. Nb3 b6 12. 0-0-0 a5 13. g4 a4 14. Nd2 b5 15. a3 Na5 16. Bxd6 cxd6 17. Nf4 Bxd3 18. Qxd3 0-0 19. h4 Rfc8 20. Kb1 Rcb8 21. Rde1 Nc4 22. Re2 Nb6 23. Rhe1 Nc6 24. Qe3 h6 25. g5 Qf5+ 26. Ka1 h5 27. Nxh5 Na5 28. Qf4 Qc2 29. Ne4 Nb3+ 30. Ka2 Qd3 31. g6 fxg6 32. Nef6+ Kh8 33. Nxg7 Kxg7 34. Re7+ Kf8 35. Nh7+ Kg8 36. Qf7+ 1-0

[Event "SVK-chT2B 1819"]
[Site "Slovakia"]
[Date "2018.11.17"]
[Round "3.5"]
[White "Kralova, Katarina"]
[Black "Suchansky, Jakub"]
[Result "1/2-1/2"]
[WhiteElo "1926"]
[BlackElo "1946"]
[PlyCount "91"]
[EventDate "2018.10.13"]
[EventType "team-tourn"]
[EventRounds "11"]
[EventCountry "SVK"]
[SourceTitle "CBM 187 Extra"]
[Source "ChessBase"]
[SourceDate "2018.11.04"]
[SourceVersion "1"]
[SourceVersionDate "2018.11.04"]
[SourceQuality "1"]
[WhiteTeam "Batorove Kosihy II"]
[BlackTeam "Levice"]
[WhiteTeamCountry "SVK"]
[BlackTeamCountry "SVK"]

1. e4 e6 2. d4 b6 3. Nf3 Bb7 4. Bd3 Nf6 5. Qe2 d5 6. e5 Nfd7 7. 0-0 c5 8. c3 Be7 9. Be3 Nc6 10. Re1 Qc7 11. Nbd2 h6 12. Rac1 0-0-0 13. Ba6 f5 14. exf6 Bxf6 15. b4 c4 16. Bxb7+ Kxb7 17. b5 Ne7 18. Nf1 Nf5 19. Qc2 g5 20. h3 Nf8 21. N1h2 h5 22. Bxg5 Bxg5 23. Nxg5 Rg8 24. Nxe6 Nxe6 25. Qxf5 Nf4 26. Re3 Nxg2 27. Rg3 Rxg3 28. fxg3 Qxg3 29. Qf7+ Kb8 30. Qf2 Qg5 31. Ra1 Nf4+ 32. Kh1 Nxh3 33. Qf3 Qh4 34. Rf1 Qe4 35. Qxe4 dxe4 36. Kg2 Ng5 37. Rf5 Rg8 38. Kf2 Nh3+ 39. Ke3 Rg3+ 40. Kxe4 Rxc3 41. Rxh5 Nf2+ 42. Kd5 Nd3 43. Kd6 Nb4 44. Rh8+ Kb7 45. Rh7+ Kb8 46. Rh8+ 1/2-1/2

[Event "Bratislava U16 op 43rd"]
[Site "Bratislava"]
[Date "2016.08.22"]
[Round "7"]
[White "Suchansky, Jakub"]
[Black "Strelbitska, Alexandra"]
[Result "1-0"]
[WhiteElo "1832"]
[BlackElo "1435"]
[PlyCount "103"]
[EventDate "2016.08.19"]
[EventType "swiss"]
[EventRounds "7"]
[EventCountry "SVK"]
[SourceTitle "CBM 174 Extra"]
[Source "ChessBase"]
[SourceDate "2016.10.10"]
[SourceVersion "1"]
[SourceVersionDate "2016.10.10"]
[SourceQuality "1"]

1. d4 d5 2. c4 e6 3. Nf3 c5 4. g3 dxc4 5. Bg2 Nc6 6. Qa4 Qa5+ 7. Qxa5 Nxa5 8. Na3 cxd4 9. Nb5 Rb8 10. Bf4 Bb4+ 11. Kf1 Bd7 12. Bxb8 Bxb5 13. Nxd4 c3 14. Nxb5 cxb2 15. Rb1 Nc4 16. Bf4 e5 17. Be3 a6 18. Nc7+ Kd8 19. Nd5 Ba5 20. Be4 Ne7 21. Nxe7 Kxe7 22. Bd3 Nxe3+ 23. fxe3 Bc3 24. Kg2 g6 25. e4 Rc8 26. Rhd1 b5 27. Bc2 Rb8 28. Bb3 a5 29. Rd3 b4 30. Rbd1 Rb7 31. Rd5 Ra7 32. Ba4 Bd4 33. Kf3 Rc7 34. R5xd4 exd4 35. Rb1 Rc3+ 36. Kf4 Ke6 37. Rxb2 f5 38. exf5+ gxf5 39. Rd2 Kf6 40. Rxd4 Ra3 41. Bb3 a4 42. Rxb4 axb3 43. axb3 Ra2 44. Kf3 Rb2 45. Rb8 Kg5 46. b4 Rb3+ 47. e3 Rb2 48. h4+ Kh5 49. b5 Rb4 50. b6 h6 51. b7 Rb5 52. Kf4 1-0

[Event "Bratislava U16 op 43rd"]
[Site "Bratislava"]
[Date "2016.08.21"]
[Round "5"]
[White "Macko, Miroslav"]
[Black "Suchansky, Jakub"]
[Result "1-0"]
[WhiteElo "2176"]
[BlackElo "1832"]
[PlyCount "81"]
[EventDate "2016.08.19"]
[EventType "swiss"]
[EventRounds "7"]
[EventCountry "SVK"]
[SourceTitle "CBM 174 Extra"]
[Source "ChessBase"]
[SourceDate "2016.10.10"]
[SourceVersion "1"]
[SourceVersionDate "2016.10.10"]
[SourceQuality "1"]

1. e4 d5 2. exd5 Qxd5 3. Nc3 Qa5 4. d4 Nf6 5. Bd3 c6 6. Bd2 Qc7 7. h3 e6 8. Nf3 Nbd7 9. 0-0 b6 10. a4 a5 11. Qe2 Bb7 12. Rae1 h6 13. Ne5 Nxe5 14. dxe5 Nd5 15. Nxd5 cxd5 16. f4 Bc5+ 17. Kh1 0-0-0 18. c3 d4 19. Rc1 Qd7 20. Bb5 Qd5 21. cxd4 Qxd4 22. Be3 Qb4 23. Rc4 Qb3 24. Bxc5 bxc5 25. Rxc5+ Kb8 26. Bc6 Bxc6 27. Rxc6 Rd3 28. Rb6+ Qxb6 29. Qxd3 Rd8 30. Qg3 g6 31. Rc1 Rd4 32. Qc3 Rd8 33. Qc4 Qb7 34. Rc3 Rc8 35. Qxc8+ Qxc8 36. Rxc8+ Kxc8 37. Kg1 Kc7 38. Kf2 Kc6 39. Ke3 Kc5 40. Kd3 Kb4 41. Kd4 1-0

[Event "Bratislava U16 op 43rd"]
[Site "Bratislava"]
[Date "2016.08.21"]
[Round "6"]
[White "Suchansky, Jakub"]
[Black "Zetocha, Adrian"]
[Result "1-0"]
[WhiteElo "1832"]
[BlackElo "1757"]
[PlyCount "103"]
[EventDate "2016.08.19"]
[EventType "swiss"]
[EventRounds "7"]
[EventCountry "SVK"]
[SourceTitle "CBM 174 Extra"]
[Source "ChessBase"]
[SourceDate "2016.10.10"]
[SourceVersion "1"]
[SourceVersionDate "2016.10.10"]
[SourceQuality "1"]

1. e4 c6 2. d4 d5 3. e5 Bf5 4. g4 Bd7 5. c4 Qc8 6. h3 dxc4 7. Bxc4 Be6 8. Bxe6 Qxe6 9. Nc3 Na6 10. Be3 Qd7 11. Qb3 e6 12. 0-0-0 0-0-0 13. Nge2 Bb4 14. Kb1 Kb8 15. f4 Ne7 16. Bf2 Nd5 17. Ne4 Be7 18. Bg3 Ka8 19. Qf3 g6 20. Ng5 Rdf8 21. Nc3 Nac7 22. Bf2 h6 23. Nge4 Rc8 24. Ng3 Rhd8 25. f5 Bb4 26. Nce2 Ne7 27. Be3 g5 28. h4 Rg8 29. hxg5 hxg5 30. Rh5 exf5 31. gxf5 g4 32. Qe4 c5 33. Rh7 cxd4 34. Nxd4 Qd5 35. a3 Bc5 36. Qxd5 Ncxd5 37. Bg1 Rcf8 38. Ne6 fxe6 39. Bxc5 exf5 40. Bxe7 Nxe7 41. Rxe7 f4 42. Ne4 g3 43. Rg1 f3 44. Nxg3 f2 45. Rf1 a6 46. Ne2 Rg4 47. Kc2 Ka7 48. Kd3 Rh4 49. e6 Rh6 50. Nd4 Rg6 51. Rf7 Rg1 52. R1xf2 1-0

[Event "Bratislava U16 op 43rd"]
[Site "Bratislava"]
[Date "2016.08.20"]
[Round "3"]
[White "Suchansky, Jakub"]
[Black "Lintner, Igor"]
[Result "1-0"]
[WhiteElo "1832"]
[BlackElo "2051"]
[PlyCount "57"]
[EventDate "2016.08.19"]
[EventType "swiss"]
[EventRounds "7"]
[EventCountry "SVK"]
[SourceTitle "CBM 174 Extra"]
[Source "ChessBase"]
[SourceDate "2016.10.10"]
[SourceVersion "1"]
[SourceVersionDate "2016.10.10"]
[SourceQuality "1"]

1. d4 Nf6 2. Nf3 g6 3. Bg5 Bg7 4. Nbd2 d5 5. Bxf6 Bxf6 6. e4 dxe4 7. Nxe4 Bg7 8. c3 0-0 9. Bd3 Nd7 10. Qc2 c6 11. 0-0-0 Qc7 12. h4 e5 13. h5 exd4 14. hxg6 hxg6 15. Neg5 Qf4+ 16. Kb1 Nc5 17. Rh4 Qc7 18. Nxd4 Qe7 19. Bxg6 Bxd4 20. cxd4 Qxg5 21. Rdh1 Qxg6 22. Rh8+ Kg7 23. Qxg6+ Kxg6 24. R1h6+ Kg5 25. Rh5+ Kf6 26. Rxf8 Ne6 27. Rg8 Ng7 28. Re5 c5 29. Rxc5 1-0

[Event "Bratislava U16 op 43rd"]
[Site "Bratislava"]
[Date "2016.08.19"]
[Round "1"]
[White "Suchansky, Jakub"]
[Black "Zetocha, Adela"]
[Result "1-0"]
[WhiteElo "1832"]
[BlackElo "1180"]
[PlyCount "49"]
[EventDate "2016.08.19"]
[EventType "swiss"]
[EventRounds "7"]
[EventCountry "SVK"]
[SourceTitle "CBM 174 Extra"]
[Source "ChessBase"]
[SourceDate "2016.10.10"]
[SourceVersion "1"]
[SourceVersionDate "2016.10.10"]
[SourceQuality "1"]

1. e4 e5 2. Nf3 Nc6 3. d4 d6 4. Bb5 f6 5. d5 a6 6. Bxc6+ bxc6 7. dxc6 Ne7 8. Nh4 Nxc6 9. Qh5+ Ke7 10. Ng6+ hxg6 11. Qxh8 Nd4 12. Na3 Kf7 13. c3 Nc6 14. 0-0 f5 15. f4 d5 16. exf5 Bxf5 17. fxe5 Nxe5 18. Qh3 Ke6 19. Qg3 Bxa3 20. bxa3 d4 21. Re1 Qd5 22. Bf4 Be4 23. Bxe5 Qxe5 24. Rxe4 Qxe4 25. Re1 1-0

[Event "SVK-chT2A 1516"]
[Site "Slovakia"]
[Date "2015.11.08"]
[Round "4.8"]
[White "Suchansky, Jakub"]
[Black "Faltan, Peter"]
[Result "1-0"]
[WhiteElo "1956"]
[BlackElo "1970"]
[PlyCount "117"]
[EventDate "2015.10.17"]
[EventType "team-tourn"]
[EventRounds "11"]
[EventCountry "SVK"]
[SourceTitle "CBM 169 Extra"]
[Source "ChessBase"]
[SourceDate "2015.12.18"]
[SourceVersion "1"]
[SourceVersionDate "2015.12.18"]
[SourceQuality "1"]
[WhiteTeam "Bratislava KSN"]
[BlackTeam "Krasnany"]
[WhiteTeamCountry "SVK"]
[BlackTeamCountry "SVK"]

1. d4 d5 2. c4 e6 3. Nf3 Nf6 4. g3 Bb4+ 5. Nbd2 c5 6. dxc5 Bxc5 7. Bg2 0-0 8. 0-0 Nc6 9. a3 a5 10. b3 d4 11. Qc2 e5 12. Ng5 h6 13. Nge4 Nxe4 14. Bxe4 Be6 15. Bb2 f5 16. Bg2 Qd6 17. Rfd1 Rad8 18. Nf1 e4 19. e3 d3 20. Qc3 Qe7 21. f3 f4 22. gxf4 exf3 23. Bxf3 Rxf4 24. Bg2 Bf5 25. Kh1 Rf2 26. Rd2 Rxd2 27. Qxd2 Be4 28. Rd1 Bxa3 29. Bxa3 Bxg2+ 30. Qxg2 Qxa3 31. Nd2 Qb2 32. Rb1 Qe5 33. Rg1 Rd7 34. Qh3 Rf7 35. Rg2 Kh7 36. Nf3 Qf5 37. Qxf5+ Rxf5 38. Nd2 Ne5 39. h3 g5 40. Kh2 h5 41. e4 Rf4 42. Rxg5 Rf2+ 43. Kg3 Rxd2 44. Rxh5+ Kg6 45. Rxe5 Rb2 46. Kf3 Rxb3 47. Rxa5 Rc3 48. c5 d2+ 49. Ke2 Rd3 50. Kd1 Rd4 51. Rb5 Rxe4 52. Rxb7 Kf6 53. Kxd2 Ke6 54. Rb3 Rd4+ 55. Rd3 Rc4 56. Rc3 Rd4+ 57. Kc2 Rd7 58. c6 Rc7 59. Kd3 1-0

[Event "SVK-chT2A 1415"]
[Site "Slovakia"]
[Date "2014.10.11"]
[Round "1.8"]
[White "Csefalvay, Stefan"]
[Black "Suchansky, Jakub"]
[Result "0-1"]
[WhiteElo "1831"]
[BlackElo "1910"]
[PlyCount "66"]
[EventDate "2014.10.11"]
[EventType "team-tourn"]
[EventRounds "11"]
[EventCountry "SVK"]
[SourceTitle "EXT 2016"]
[Source "ChessBase"]
[SourceDate "2015.10.08"]
[SourceVersion "1"]
[SourceVersionDate "2015.10.08"]
[SourceQuality "1"]
[WhiteTeam "Potonska Veza"]
[BlackTeam "Bratislava KSN"]
[WhiteTeamCountry "SVK"]
[BlackTeamCountry "SVK"]

1. d4 Nf6 2. c4 c5 3. Nf3 cxd4 4. Nxd4 e5 5. Nc2 d5 6. cxd5 Qxd5 7. Qxd5 Nxd5 8. e4 Nf6 9. Nc3 Be6 10. Bb5+ Nbd7 11. 0-0 Bc5 12. Be3 0-0 13. Rfd1 Bxe3 14. Nxe3 Nc5 15. f3 a6 16. Bc4 b5 17. Bd5 Ra7 18. b4 Bxd5 19. Nexd5 Ne6 20. Nxf6+ gxf6 21. Nd5 Kg7 22. a4 Rfa8 23. a5 Rc8 24. Rac1 Rd8 25. Kf2 Nd4 26. Rc3 f5 27. g4 fxe4 28. fxe4 Rd6 29. h3 Rad7 30. Ke3 Ne6 31. Rcd3 Nf4 32. Nxf4 exf4+ 33. Ke2 f3+ 0-1

[Event "Bratislava Rintel Memorial 41st"]
[Site "Bratislava"]
[Date "2014.08.25"]
[Round "9"]
[White "Karas, Marek"]
[Black "Suchansky, Jakub"]
[Result "1/2-1/2"]
[WhiteElo "2108"]
[BlackElo "1888"]
[PlyCount "22"]
[EventDate "2014.08.22"]
[EventType "swiss"]
[EventRounds "9"]
[EventCountry "SVK"]
[SourceTitle "EXT 2023"]
[Source "ChessBase"]
[SourceDate "2022.10.05"]
[SourceVersion "1"]
[SourceVersionDate "2022.10.05"]
[SourceQuality "1"]

1. d4 Nf6 2. Nf3 g6 3. g3 Bg7 4. Bg2 0-0 5. 0-0 d6 6. a4 c6 7. a5 Bf5 8. Nc3 d5 9. Nh4 Be6 10. Nf3 Bf5 11. Nh4 Be6 1/2-1/2

[Event "Bratislava Rintel Memorial 41st"]
[Site "Bratislava"]
[Date "2014.08.24"]
[Round "7"]
[White "Lintner, Igor"]
[Black "Suchansky, Jakub"]
[Result "1/2-1/2"]
[WhiteElo "1860"]
[BlackElo "1888"]
[PlyCount "54"]
[EventDate "2014.08.22"]
[EventType "swiss"]
[EventRounds "9"]
[EventCountry "SVK"]
[SourceTitle "EXT 2023"]
[Source "ChessBase"]
[SourceDate "2022.10.05"]
[SourceVersion "1"]
[SourceVersionDate "2022.10.05"]
[SourceQuality "1"]

1. e4 e6 2. d4 c5 3. Nf3 cxd4 4. Nxd4 a6 5. Nc3 b5 6. Be3 Bb7 7. Be2 b4 8. Na4 Bxe4 9. Bf3 Bxf3 10. Qxf3 d5 11. 0-0 Nf6 12. Rfe1 Be7 13. Qg3 Bd6 14. Qh4 0-0 15. f4 Qc7 16. g4 Nc6 17. f5 Bxh2+ 18. Qxh2 Qxh2+ 19. Kxh2 Nxg4+ 20. Kg3 Nxe3 21. Nxc6 Nxc2 22. Nb6 Nxa1 23. Rxa1 a5 24. Nxa8 Rxa8 25. Re1 exf5 26. Re5 g6 27. Rxd5 Ra6 1/2-1/2

[Event "Bratislava Rintel Memorial 41st"]
[Site "Bratislava"]
[Date "2014.08.24"]
[Round "6"]
[White "Suchansky, Jakub"]
[Black "Kavon, Rastislav"]
[Result "0-1"]
[WhiteElo "1888"]
[BlackElo "2126"]
[PlyCount "62"]
[EventDate "2014.08.22"]
[EventType "swiss"]
[EventRounds "9"]
[EventCountry "SVK"]
[SourceTitle "EXT 2023"]
[Source "ChessBase"]
[SourceDate "2022.10.05"]
[SourceVersion "1"]
[SourceVersionDate "2022.10.05"]
[SourceQuality "1"]

1. c4 Nf6 2. Nc3 g6 3. Nf3 Bg7 4. d4 0-0 5. e4 d6 6. Be2 e5 7. 0-0 Nc6 8. d5 Ne7 9. Ne1 Nd7 10. Be3 f5 11. f3 f4 12. Bf2 g5 13. Nd3 Ng6 14. b4 Rf7 15. c5 Nf6 16. Rc1 h5 17. a4 g4 18. Kh1 g3 19. hxg3 fxg3 20. Bxg3 h4 21. Bh2 Nh5 22. Qe1 Qg5 23. f4 Ngxf4 24. Nxf4 Nxf4 25. Bxf4 exf4 26. cxd6 cxd6 27. Nb5 Be5 28. Nxa7 Bd7 29. Nb5 Rh7 30. Bf3 h3 31. Kg1 Bxb5 0-1

[Event "Bratislava Rintel Memorial 41st"]
[Site "Bratislava"]
[Date "2014.08.23"]
[Round "5"]
[White "Meszaros, Norbert"]
[Black "Suchansky, Jakub"]
[Result "0-1"]
[WhiteElo "1926"]
[BlackElo "1888"]
[PlyCount "106"]
[EventDate "2014.08.22"]
[EventType "swiss"]
[EventRounds "9"]
[EventCountry "SVK"]
[SourceTitle "EXT 2023"]
[Source "ChessBase"]
[SourceDate "2022.10.05"]
[SourceVersion "1"]
[SourceVersionDate "2022.10.05"]
[SourceQuality "1"]

1. d4 e6 2. c4 Nf6 3. Nc3 Bb4 4. e3 d6 5. Nf3 0-0 6. Bd3 c5 7. 0-0 Bxc3 8. bxc3 Qe7 9. e4 e5 10. d5 Ne8 11. Qc2 g6 12. Bh6 Ng7 13. h4 Bg4 14. Qd2 Bxf3 15. gxf3 Qxh4 16. Kg2 Qe7 17. Rh1 f6 18. Bxg7 Qxg7 19. Rh6 Rf7 20. Rah1 Qf8 21. Kg1 Nd7 22. Bf1 Qe7 23. Bh3 Nf8 24. Qc1 a6 25. a4 Rb8 26. Qf1 Rg7 27. Qb1 Qe8 28. Kg2 b5 29. cxb5 axb5 30. axb5 Qxb5 31. Qa1 Qb2 32. Qa6 Qb6 33. Qd3 Qb5 34. Qd1 Qb2 35. Qa4 Qb5 36. Qa2 Qb6 37. Ra1 Rgb7 38. Bg4 Qb2 39. Qa5 Qd2 40. Rhh1 Rb2 41. Raf1 Qg5 42. Kh2 h5 43. Bh3 Qf4+ 44. Kg2 h4 45. Kg1 Qxf3 46. Bg2 Qg4 47. Qc7 Rb1 48. Kh2 Qf4+ 49. Kh3 R1b3 50. Qa5 Ra8 51. Qxa8 Rxc3+ 52. Bf3 Rxf3+ 53. Kg2 Qg4+ 0-1

[Event "Bratislava Rintel Memorial 41st"]
[Site "Bratislava"]
[Date "2014.08.23"]
[Round "4"]
[White "Suchansky, Jakub"]
[Black "Hornik, Andrej"]
[Result "1-0"]
[WhiteElo "1888"]
[BlackElo "1569"]
[PlyCount "131"]
[EventDate "2014.08.22"]
[EventType "swiss"]
[EventRounds "9"]
[EventCountry "SVK"]
[SourceTitle "EXT 2023"]
[Source "ChessBase"]
[SourceDate "2022.10.05"]
[SourceVersion "1"]
[SourceVersionDate "2022.10.05"]
[SourceQuality "1"]

1. d4 d5 2. Nf3 Nc6 3. Bf4 Nf6 4. e3 e6 5. c4 Be7 6. Nc3 0-0 7. Bd3 b6 8. 0-0 Bb7 9. Rc1 Rc8 10. a3 Bd6 11. Bg3 Ne7 12. Bxd6 Qxd6 13. Nb5 Qd7 14. Nxa7 Ra8 15. Nb5 Ba6 16. Ne5 Qd8 17. cxd5 Nexd5 18. Nc3 Bb7 19. Nxd5 Qxd5 20. Qf3 Qxf3 21. Nxf3 Bxf3 22. gxf3 Rfc8 23. Rc2 Ra5 24. Rfc1 Ne8 25. Be4 c5 26. Rc3 Nd6 27. b4 Rb5 28. Bd3 c4 29. Bxc4 Nxc4 30. Rxc4 Rxc4 31. Rxc4 Rg5+ 32. Kh1 g6 33. f4 Rd5 34. Rc6 Rb5 35. Kg2 Kf8 36. Kf3 Ke7 37. Rc7+ Kf6 38. e4 Kg7 39. Rb7 Kf8 40. Ke3 Rh5 41. Rxb6 Rxh2 42. a4 h5 43. a5 Rh3+ 44. f3 Rh2 45. d5 exd5 46. exd5 Rc2 47. a6 Ra2 48. d6 Ke8 49. f5 g5 50. b5 h4 51. d7+ Kxd7 52. Rh6 Ra5 53. b6 Rxa6 54. Kd4 Kc8 55. Kc5 Kb7 56. Rf6 Ra5+ 57. Kd6 h3 58. Rxf7+ Kxb6 59. f6 Rf5 60. Ke7 Rxf3 61. Rh7 Re3+ 62. Kd6 Rf3 63. f7 Rxf7 64. Rxf7 g4 65. Rh7 Kb5 66. Ke5 1-0

[Event "Bratislava Rintel Memorial 41st"]
[Site "Bratislava"]
[Date "2014.08.22"]
[Round "1"]
[White "Chlpek, Daniel"]
[Black "Suchansky, Jakub"]
[Result "0-1"]
[WhiteElo "1225"]
[BlackElo "1888"]
[PlyCount "87"]
[EventDate "2014.08.22"]
[EventType "swiss"]
[EventRounds "9"]
[EventCountry "SVK"]
[SourceTitle "EXT 2023"]
[Source "ChessBase"]
[SourceDate "2022.10.05"]
[SourceVersion "1"]
[SourceVersionDate "2022.10.05"]
[SourceQuality "1"]

1. d4 d5 2. c4 dxc4 3. e3 e6 4. Bxc4 Nf6 5. Nc3 Bb4 6. Nf3 c5 7. 0-0 cxd4 8. Nxd4 Bxc3 9. bxc3 0-0 10. Ba3 Re8 11. Qb3 a6 12. Be2 Nbd7 13. Rfd1 Qb6 14. Qc2 Qc7 15. c4 b6 16. Bf3 Bb7 17. Bd6 Qc8 18. Bxb7 Qxb7 19. Rab1 Ne4 20. Ba3 Nec5 21. Nf3 Red8 22. Qd2 Qc7 23. Qc2 h6 24. h3 a5 25. Bb2 f6 26. Nd4 e5 27. Nb5 Qc6 28. Ba3 Nf8 29. Rxd8 Rxd8 30. Nc3 Nfe6 31. Nd5 Qa4 32. Qc1 Nd3 33. Qc3 Ndc5 34. Nxb6 Qc6 35. Nd5 Rd7 36. Qxa5 Nb7 37. Qb5 Qxb5 38. Rxb5 Nbc5 39. Bxc5 Nxc5 40. Rxc5 Ra7 41. g3 Rxa2 42. Rc8+ Kf7 43. c5 Ra1+ 44. Kg2 0-1

[Event "Bratislava Rintel Memorial 41st"]
[Site "Bratislava"]
[Date "2014.08.22"]
[Round "2"]
[White "Suchansky, Jakub"]
[Black "Vavrinkova, Marie"]
[Result "1-0"]
[WhiteElo "1888"]
[BlackElo "1000"]
[PlyCount "95"]
[EventDate "2014.08.22"]
[EventType "swiss"]
[EventRounds "9"]
[EventCountry "SVK"]
[SourceTitle "EXT 2023"]
[Source "ChessBase"]
[SourceDate "2022.10.05"]
[SourceVersion "1"]
[SourceVersionDate "2022.10.05"]
[SourceQuality "1"]

1. d4 d5 2. c4 c6 3. Nf3 e6 4. Nc3 Bd6 5. e4 dxe4 6. Nxe4 Bb4+ 7. Bd2 Bxd2+ 8. Qxd2 Nf6 9. Bd3 Nxe4 10. Bxe4 Nd7 11. 0-0 Nf6 12. Bc2 0-0 13. Qd3 g6 14. Ne5 Qc7 15. b4 b6 16. Qf3 Kg7 17. Qxc6 Qxc6 18. Nxc6 Bb7 19. Ne5 Rac8 20. Rac1 Rfd8 21. Rfd1 Nh5 22. Bb3 Nf4 23. Rd2 Nxg2 24. a4 Nh4 25. Bd1 Nf5 26. Bf3 Bxf3 27. Nxf3 f6 28. Kf1 g5 29. h3 h5 30. Rc3 Nd6 31. Rdc2 g4 32. hxg4 hxg4 33. Nh2 f5 34. Kg2 Ne4 35. Rd3 a5 36. bxa5 bxa5 37. f3 Nc5 38. Rd1 Nxa4 39. fxg4 Nb6 40. c5 Nd5 41. Kf3 Nb4 42. Rg2 Kf7 43. Rgd2 Nd5 44. Re1 Nc3 45. gxf5 exf5 46. Re5 Kf6 47. Rd3 Rxd4 48. Rxf5+ 1-0

[Event "SVK-chT2A 1314"]
[Site "Slovakia"]
[Date "2014.03.15"]
[Round "10.6"]
[White "Hlubovic, Michal"]
[Black "Suchansky, Jakub"]
[Result "0-1"]
[WhiteElo "1782"]
[BlackElo "1779"]
[PlyCount "102"]
[EventDate "2013.10.19"]
[EventType "team-tourn"]
[EventRounds "11"]
[EventCountry "SVK"]
[SourceTitle "EXT 2015"]
[Source "ChessBase"]
[SourceDate "2014.11.20"]
[SourceVersion "1"]
[SourceVersionDate "2014.11.20"]
[SourceQuality "1"]
[WhiteTeam "Modra II"]
[BlackTeam "Bratislava KSN"]
[WhiteTeamCountry "SVK"]
[BlackTeamCountry "SVK"]

1. Nf3 Nf6 2. g3 b6 3. Bg2 Bb7 4. 0-0 e6 5. d3 Be7 6. Nbd2 0-0 7. e4 d6 8. Re1 Nbd7 9. h3 c5 10. c3 Qc7 11. Nf1 c4 12. dxc4 Bxe4 13. Bg5 Bb7 14. N1h2 Qxc4 15. Ne5 Qc7 16. Nxd7 Qxd7 17. Bxf6 Bxf6 18. Bxb7 Qxb7 19. Qxd6 Rfd8 20. Qf4 Rd5 21. Qf3 Rad8 22. Ng4 Qe7 23. Rad1 h5 24. Nxf6+ Qxf6 25. Qe2 Qf5 26. Kg2 g6 27. Rxd5 Qxd5+ 28. Qf3 Qxa2 29. Rd1 Rxd1 30. Qxd1 Qd5+ 31. Qxd5 exd5 32. Kf3 f6 33. Kf4 Kf7 34. g4 hxg4 35. hxg4 Ke6 36. g5 f5 37. Ke3 Ke5 38. f4+ Kd6 39. Kd4 a5 40. c4 dxc4 41. Kxc4 Kc6 42. Kd4 b5 43. Ke5 a4 44. Kf6 b4 45. Kxg6 a3 46. bxa3 bxa3 47. Kh6 a2 48. g6 a1Q 49. g7 Qf6+ 50. Kh7 Qh4+ 51. Kg6 Qxf4 0-1

[Event "SVK-ch U14"]
[Site "Lubovna"]
[Date "2013.04.10"]
[Round "6"]
[White "Karas, Marek"]
[Black "Suchansky, Jakub"]
[Result "1-0"]
[WhiteElo "1990"]
[BlackElo "1668"]
[PlyCount "69"]
[EventDate "2013.04.06"]
[EventType "swiss"]
[EventRounds "9"]
[EventCountry "SVK"]
[SourceTitle "CBM 153 Extra"]
[Source "ChessBase"]
[SourceDate "2013.04.22"]
[SourceVersion "1"]
[SourceVersionDate "2013.04.22"]
[SourceQuality "1"]

1. Nf3 Nf6 2. c4 c5 3. d4 cxd4 4. Nxd4 e6 5. Nc3 d6 6. e4 a6 7. Be2 Be7 8. Be3 b6 9. Qd2 Bb7 10. f3 Nbd7 11. 0-0-0 Qc7 12. g4 Ne5 13. g5 Nfd7 14. b3 Rc8 15. Kb2 0-0 16. h4 Rfd8 17. h5 Nf8 18. Rc1 Qd7 19. f4 Nc6 20. Bg4 Nxd4 21. Bxd4 b5 22. Nd5 Bxd5 23. cxd5 Qb7 24. Bc3 Qa7 25. g6 h6 26. gxf7+ Kxf7 27. dxe6+ Kg8 28. Bf5 Rxc3 29. Qxc3 Bf6 30. e5 dxe5 31. fxe5 b4 32. Qc5 Rd2+ 33. Kb1 Bxe5 34. Qxe5 Qf2 35. Rc2 1-0

[Event "SVK-ch U14"]
[Site "Lubovna"]
[Date "2013.04.08"]
[Round "4"]
[White "Suchansky, Jakub"]
[Black "Dujava, Jonas"]
[Result "0-1"]
[WhiteElo "1668"]
[BlackElo "1761"]
[PlyCount "38"]
[EventDate "2013.04.06"]
[EventType "swiss"]
[EventRounds "9"]
[EventCountry "SVK"]
[SourceTitle "CBM 153 Extra"]
[Source "ChessBase"]
[SourceDate "2013.04.22"]
[SourceVersion "1"]
[SourceVersionDate "2013.04.22"]
[SourceQuality "1"]

1. d4 d5 2. c4 c6 3. Nc3 Nf6 4. Nf3 e6 5. e3 Nbd7 6. b3 Bb4 7. Qc2 Ne4 8. Bd2 Nxd2 9. Nxd2 Nf6 10. Bd3 Qa5 11. Rc1 0-0 12. 0-0 Re8 13. Nf3 Bd6 14. Rfd1 h6 15. Rb1 b6 16. Ne2 Bb7 17. Ng3 c5 18. e4 Bxg3 19. a3 dxe4 0-1

[Event "SVK-ch U12"]
[Site "Lubovnianske Kupele"]
[Date "2012.03.22"]
[Round "7"]
[White "Koval, Jakub"]
[Black "Suchansky, Jakub"]
[Result "1/2-1/2"]
[WhiteElo "1342"]
[BlackElo "1166"]
[PlyCount "38"]
[EventDate "2012.03.17"]
[EventType "swiss"]
[EventRounds "9"]
[EventCountry "SVK"]
[SourceTitle "CBM 147 Extra"]
[Source "ChessBase"]
[SourceDate "2012.04.24"]
[SourceVersion "1"]
[SourceVersionDate "2012.04.24"]
[SourceQuality "1"]

1. e4 e5 2. Nf3 Nc6 3. d4 exd4 4. Bc4 h6 5. 0-0 Bc5 6. c3 dxc3 7. Bxf7+ Kxf7 8. Qd5+ Ke7 9. Qxc5+ d6 10. Qxc3 Nf6 11. Bf4 Kf7 12. e5 dxe5 13. Nxe5+ Nxe5 14. Bxe5 c6 15. Qb3+ Qd5 16. Qxd5+ Nxd5 17. Nd2 Bf5 18. Nc4 Bc8 19. Rfe1 b5 1/2-1/2